| 000 | 00534nam a2200181Ia 4500 | ||
|---|---|---|---|
| 005 | 20250508160616.0 | ||
| 008 | 008 250505s9999 xx 000 0 eng d | ||
| 037 | _aTextual | ||
| 040 |
_aFEDL _beng _cFEDL |
||
| 041 |
_aeng _2eng |
||
| 084 |
_a418.24, COR _qFEDL |
||
| 100 |
_aCornfield Ruth R _9768915 |
||
| 245 | 0 | _aForeign language instruction : Dimensions and horizons | |
| 260 |
_aNew York, USA _bAppleton-Century-Crofts _c1966 |
||
| 300 | _a183p. | ||
| 942 |
_cTEXL _h418.24, COR |
||
| 999 |
_c1365598 _d1365598 |
||